[Event "Advent 2008 Master Norm Tournament"]
[Site "SchemingMind.com"]
[Date "2008.12.08"]
[Round "-"]
[White "schakert"]
[Black "smothered mate"]
[Result "1-0"]
[WhiteCountry "NED"]
[BlackCountry "POL"]
[WhiteElo "1721"]
[WhiteRD "60"]
[BlackElo "1921"]
[BlackRD "50"]
[GameID "182263"]

1. e4 e5 2. Nf3 Nc6 3. Bb5 a6 4. Ba4 Nf6 5. O-O Be7 6. Re1 b5 7. Bb3 d6 8. c3 O-O 9. h3 Bb7 10. d4 Re8
11. Bg5 Nxe4 12. Bxe7 Nxe7 13. dxe5 Ng6 14. exd6 Qxd6 15. Qxd6 Nxd6 16. Nbd2 Nf4 17. Bc2 f6 18. Kh2 Kf7 19. g3 Ne6 20. h4 h6
21. h5 Kf8 22. Ne4 Nxe4 23. Bxe4 Bxe4 24. Rxe4 Nc5 25. Rd4 Re2 26. Rd2 Rae8 27. Rad1 Na4 28. Nd4 Nxb2 29. Nxe2 Nxd1 30. Kg1 c5
31. Kf1 b4 32. cxb4 cxb4 33. Rxd1 Re5 34. Nf4 Ra5 35. Rd2 Rb5 36. Ne6+ Kf7 37. Nd8+ Ke8 38. Nc6 a5 39. Rd8+ Kf7 40. Ra8 Rxh5
41. Rxa5 Rh1+ 42. Kg2 Rb1 43. Rb5 Ke6 44. Nxb4 Kd6 45. a4 Ra1 46. a5 g5 47. g4 Ra4 48. Kg3 Ra3+ 49. f3 Ra1 50. a6 Kc7
51. Rf5 Rb1 52. Ra5 Kb8 53. Nc6+ Ka8 54. Rd5 h5 55. Rd7 h4+ 56. Kh3 f5 57. Ra7#
1-0

[Event "Advent 2008 Master Norm Tournament"]
[Site "SchemingMind.com"]
[Date "2008.12.08"]
[Round "-"]
[White "Frankygolucky"]
[Black "smothered mate"]
[Result "1-0"]
[WhiteCountry "GBR"]
[BlackCountry "POL"]
[WhiteElo "1923"]
[WhiteRD "119"]
[BlackElo "1882"]
[BlackRD "54"]
[GameID "182264"]

1. d4 d5 2. c4 e6 3. Nc3 Nf6 4. Bg5 Nbd7 5. e3 h6 6. Bf4 c6 7. a3 Be7 8. Bd3 dxc4 9. Bxc4 Nd5 10. Bg3 O-O
11. Nf3 b5 12. Ba2 Nxc3 13. bxc3 Qa5 14. Qc2 Bxa3 15. O-O b4 16. Bb1 f5 17. Bd6 Rf7 18. Bxb4 Bxb4 19. Rxa5 Bxa5 20. Qa4 Bxc3
21. Qxc6
1-0

[Event "Advent 2008 Master Norm Tournament"]
[Site "SchemingMind.com"]
[Date "2008.12.08"]
[Round "-"]
[White "yuk"]
[Black "Dr_Pat"]
[Result "0-1"]
[WhiteCountry "IRL"]
[BlackCountry "USA"]
[WhiteElo "1845"]
[WhiteRD "68"]
[BlackElo "2043"]
[BlackRD "53"]
[GameID "182341"]

1. d4 d5 2. c4 c6 3. Nc3 Nf6 4. Nf3 e6 5. Bg5 h6 6. Bh4 dxc4 7. e4 g5 8. Bg3 b5 9. h4 g4 10. Ne5 h5
11. f3 Bd6 12. fxg4 Nxg4 13. Be2 Bxe5 14. dxe5 Qxd1+ 15. Rxd1 Rg8 16. Bf4 Nd7 17. Bxg4 Rxg4 18. g3 Nc5 19. Ke2 b4 20. Nb1 Nd3
21. Rxd3 cxd3+ 22. Kxd3 Ba6+ 23. Kd4 Rb8 24. b3 Rb5 25. Nd2 Ra5 26. Ra1 f6 27. exf6 e5+ 28. Bxe5 Rd5+
0-1

[Event "Advent 2008 Master Norm Tournament"]
[Site "SchemingMind.com"]
[Date "2008.12.09"]
[Round "-"]
[White "yuk"]
[Black "ibukuno"]
[Result "1-0"]
[WhiteCountry "IRL"]
[BlackCountry "NGR"]
[WhiteElo "1861"]
[WhiteRD "67"]
[BlackElo "1810"]
[BlackRD "71"]
[GameID "182342"]

1. d4 d5 2. c4 Nf6 3. Nc3 e6 4. Bg5 Be7 5. Nf3 b6 6. e3 O-O 7. Bd3 Bb7 8. O-O dxc4 9. Bxc4 h6 10. Bh4 Nc6
11. Qe2 Nh7 12. Bg3 Ng5 13. Nxg5 Bxg5 14. Nb5 Rc8 15. Rfd1 a6 16. Nc3 b5 17. Bb3 Na5 18. Bc2 b4 19. Na4 Qd5 20. e4 Qc6
21. Nc5 Ba8 22. Ba4 Qb6 23. h4 Be7 24. Nd7 Qb7 25. Nxf8 Kxf8 26. Bc2 c5 27. d5 exd5 28. exd5 Rd8 29. Qf3 Rxd5 30. Qxd5 Qxd5
31. Rxd5 Bxd5 32. b3 g6 33. Re1 Nc6 34. Bf4 Kg7 35. Bd3 Bxh4 36. Bxa6 Bf6 37. Bd6 Bd4 38. Rc1 Nd8 39. Bxc5 Bc3 40. Rd1 Bb7
41. Bc4 Ne6 42. Bxe6
1-0

[Event "Advent 2008 Master Norm Tournament"]
[Site "SchemingMind.com"]
[Date "2008.12.07"]
[Round "-"]
[White "yuk"]
[Black "Darko"]
[Result "0-1"]
[WhiteCountry "IRL"]
[BlackCountry "ROU"]
[WhiteElo "1872"]
[WhiteRD "68"]
[BlackElo "1986"]
[BlackRD "82"]
[GameID "182343"]

1. d4 Nf6 2. c4 c5 3. d5 b5 4. cxb5 a6 5. bxa6 Bxa6 6. Nc3 g6 7. e4 Bxf1 8. Kxf1 d6 9. Nf3 Bg7 10. Qc2 O-O
11. g3 Nbd7 12. Kg2 Qa5 13. Bd2 Rfb8 14. a3 Ng4 15. h3 Nge5 16. Nxe5 Nxe5 17. b3 Rb7 18. f4 Nd7 19. Ra2 Rab8 20. Rb1 Qa6
21. Be1 Ra7 22. a4 Bd4 23. g4 Bg7 24. Nb5 Rxb5
0-1

[Event "Advent 2008 Master Norm Tournament"]
[Site "SchemingMind.com"]
[Date "2008.12.08"]
[Round "-"]
[White "yuk"]
[Black "smothered mate"]
[Result "0-1"]
[WhiteCountry "IRL"]
[BlackCountry "POL"]
[WhiteElo "1845"]
[WhiteRD "68"]
[BlackElo "1904"]
[BlackRD "55"]
[GameID "182344"]

1. d4 d5 2. c4 e6 3. Nc3 Nf6 4. Nf3 dxc4 5. Bg5 Bb4 6. e3 b5 7. a4 c6 8. axb5 cxb5 9. Ne5 Bb7 10. Be2 Qb6
11. Bxf6 gxf6 12. Ng4 Nd7 13. Bf3 h5 14. d5 hxg4 15. dxe6 Ne5 16. exf7+ Kxf7 17. Bxg4 Nd3+ 18. Kf1 Bxc3 19. bxc3 Rad8 20. Qe2 Rhe8
21. Bf5 Bxg2+
0-1

[Event "Advent 2008 Master Norm Tournament"]
[Site "SchemingMind.com"]
[Date "2008.12.07"]
[Round "-"]
[White "yuk"]
[Black "schakert"]
[Result "0-1"]
[WhiteCountry "IRL"]
[BlackCountry "NED"]
[WhiteElo "1845"]
[WhiteRD "68"]
[BlackElo "1839"]
[BlackRD "63"]
[GameID "182345"]

1. d4 d5 2. c4 e6 3. Nc3 Bb4 4. Nf3 Nf6 5. Bg5 c6 6. e3 Nbd7 7. cxd5 exd5 8. Bd3 Qa5 9. Rc1 Qxa2 10. Qc2 Bxc3+
11. Qxc3 Ne4 12. Bxe4 dxe4 13. Nd2 Qd5 14. Bh4 Qh5 15. Bg3 Nf6 16. Qb4 Qb5 17. Qxb5 cxb5 18. Rc5 Bd7 19. Re5+ Kf8 20. Nxe4 Nxe4
21. Rxe4 Bc6 22. Bd6+ Kg8 23. Rg4 h5 24. Rg3 f6 25. O-O Kh7 26. Rc1 Rac8 27. Rc5 Be4 28. Rxh5+ Kg8 29. Rxh8+ Kxh8 30. f3 Bd3
31. Rh3+ Kg8 32. b4 Rc6 33. Bb8 Rc1+ 34. Kf2 a5 35. bxa5 b4 36. d5 b3
0-1

[Event "Advent 2008 Master Norm Tournament"]
[Site "SchemingMind.com"]
[Date "2008.12.07"]
[Round "-"]
[White "yuk"]
[Black "Frankygolucky"]
[Result "1-0"]
[WhiteCountry "IRL"]
[BlackCountry "GBR"]
[WhiteElo "1861"]
[WhiteRD "67"]
[BlackElo "1923"]
[BlackRD "119"]
[GameID "182346"]

1. d4 d5 2. c4 c6 3. Nc3 Nf6 4. Nf3 dxc4 5. a4 Bf5 6. e3 e6 7. Bxc4 Bb4 8. O-O Nbd7 9. h3 O-O 10. Bd2 c5
11. Re1 Bg6 12. Nh4 Bh5 13. g4 Bxc3 14. bxc3 Ne4 15. Nf3 Bg6 16. Kg2 Rc8 17. Ba2 h5 18. Rh1 cxd4 19. cxd4 Nxd2 20. Nxd2 Nf6
21. Bb1 Qd5+ 22. f3 Bxb1 23. Qxb1 e5 24. Ne4 Rc6 25. dxe5 Nxe4 26. Qxe4 Qd2+ 27. Kg3 h4+ 28. Kxh4 Qf2+ 29. Kg5 f6+ 30. Kh5 fxe5
31. h4 Rxf3 32. Raf1 Rh6+ 33. Kg5 Qxe3+ 34. Qxe3 Rxe3 35. Rf5 Ra6 36. Rc1 Rxa4 37. Rc8+ Kh7 38. Rff8 g6 39. Rc7#
1-0

[Event "Advent 2008 Master Norm Tournament"]
[Site "SchemingMind.com"]
[Date "2008.12.08"]
[Round "-"]
[White "Dr_Pat"]
[Black "yuk"]
[Result "1-0"]
[WhiteCountry "USA"]
[BlackCountry "IRL"]
[WhiteElo "2106"]
[WhiteRD "52"]
[BlackElo "1861"]
[BlackRD "67"]
[GameID "182347"]

1. d4 d5 2. c4 e6 3. Nc3 Nf6 4. Bg5 Be7 5. Nf3 O-O 6. e3 dxc4 7. Bxc4 h6 8. Bh4 Nbd7 9. O-O b6 10. d5 Nc5
11. Ne5 Bb7 12. dxe6 Nxe6 13. Qc2 Qe8 14. Rad1 c6 15. Bxf6 Bxf6 16. Nd7 Qe7 17. Nxf8 Rxf8 18. Ne4 Be5 19. f4 Bc7 20. Ng3 b5
21. Nf5 Qc5 22. Bb3 Qxc2 23. Bxc2 Bb6 24. g3 Kh8 25. Kf2 g6 26. Nd6 Ba8 27. f5 Ng5 28. fxg6 fxg6+ 29. Ke2 Rg8 30. h4 Nh7
31. Nf7+ Kg7 32. Rd7
1-0

[Event "Advent 2008 Master Norm Tournament"]
[Site "SchemingMind.com"]
[Date "2008.12.09"]
[Round "-"]
[White "ibukuno"]
[Black "yuk"]
[Result "1/2-1/2"]
[WhiteCountry "NGR"]
[BlackCountry "IRL"]
[WhiteElo "1810"]
[WhiteRD "71"]
[BlackElo "1861"]
[BlackRD "67"]
[GameID "182348"]

1. e4 d5 2. exd5 Nf6 3. Nf3 Nxd5 4. Bc4 Bg4 5. O-O e6 6. h3 Bh5 7. d3 Bd6 8. Nbd2 O-O 9. Qe1 Nc6 10. a3 Re8
11. Nh2 Nf4 12. Ndf3 a6 13. Bxf4 Bxf4 14. Qe4 Qd6 15. g4 Bg6 16. Qe2 h5 17. c3 b5 18. Ba2 Bxd3 19. Qd1 Bxf1 20. Nxf1 hxg4
21. hxg4 Rad8 22. Qc2 Qd3 23. Qxd3 Rxd3 24. Kg2 Red8 25. Re1 Ne7 26. Nd4 c5 27. Rxe6 Kf8 28. Re4 cxd4 29. Rxf4 f6 30. g5 f5
31. g6 dxc3 32. bxc3 Rxc3 33. Ng3 Rxg3+ 34. Kxg3 Rd3+ 35. f3 Rxa3 36. Bf7 Rd3 37. Rh4 Nd5 38. Rh8+ Ke7 39. Rg8 Kf6 40. Ra8 Nc7
41. Rb8 Rd6 42. Rb7 Rc6 43. Rb8 a5 44. Rf8 Kg5 45. f4+ Kf6 46. Bd5+ Ke7 47. Rf7+ Kd6 48. Bxc6 Kxc6 49. Rxg7 Ne6 50. Rf7 Kd6
51. g7 Nxg7 52. Rxg7 a4 53. Kf3 Kc5 54. Ke3 Kb4 55. Kd3 Kb3 56. Rg1 Kb2 57. Rg5 a3 58. Rxf5 b4 59. Ra5 b3 60. f5 a2
61. f6=
1/2-1/2

[Event "Advent 2008 Master Norm Tournament"]
[Site "SchemingMind.com"]
[Date "2008.12.07"]
[Round "-"]
[White "Darko"]
[Black "yuk"]
[Result "1-0"]
[WhiteCountry "ROU"]
[BlackCountry "IRL"]
[WhiteElo "1986"]
[WhiteRD "82"]
[BlackElo "1872"]
[BlackRD "68"]
[GameID "182349"]

1. e4 e5 2. Nf3 Nc6 3. Bb5 a6 4. Ba4 d6 5. O-O Nf6 6. c3 Bg4 7. Re1 b5 8. Bc2 Be7 9. d3 O-O 10. Nbd2 b4
11. Nf1 h6 12. Ng3 a5 13. h3 Bd7 14. d4 Qc8 15. d5 Nb8 16. Nh4 c5 17. Nhf5 Bd8 18. Nxd6 Qc7 19. Nc4 Re8 20. d6 Qc8
21. f4 exf4 22. Bxf4 Nc6 23. e5 Nh7 24. Qd3 Nf8 25. Nh5 Be6 26. Qg3 g6 27. Nf6+ Bxf6 28. Nb6 Qd8 29. exf6 Qxf6 30. Nxa8 Rxa8
31. Bxh6 Nd7 32. h4 bxc3 33. bxc3 Kh7 34. Bg5 Qg7 35. h5 Re8 36. hxg6+ fxg6 37. Rxe6 Rxe6 38. Qh3+ Kg8 39. Qxe6+
1-0

[Event "Advent 2008 Master Norm Tournament"]
[Site "SchemingMind.com"]
[Date "2008.12.08"]
[Round "-"]
[White "smothered mate"]
[Black "yuk"]
[Result "1-0"]
[WhiteCountry "POL"]
[BlackCountry "IRL"]
[WhiteElo "1882"]
[WhiteRD "54"]
[BlackElo "1861"]
[BlackRD "67"]
[GameID "182350"]

1. e4 d5 2. exd5 Nf6 3. d4 Nxd5 4. c4 Nb6 5. Nf3 Bg4 6. Be2 e6 7. O-O c5 8. dxc5 Bxc5 9. Qxd8+ Kxd8 10. Nc3 Nc6
11. Ne4 Be7 12. b3 f5 13. Neg5 Bxg5 14. Bxg5+ Kc7 15. h3 Bh5 16. Rfe1 Rae8 17. Bd1 Bxf3 18. Bxf3 Nd4 19. Bd1 e5 20. Be3 Nc6
21. Bc2 g6 22. Rad1 Rd8 23. a3 Rxd1 24. Rxd1 Rd8 25. Rxd8 Nxd8 26. Kf1 Ne6 27. Ke2 f4 28. Bd2 Nd7 29. Bc3 b6 30. Be4 Ndc5
31. Bxe5+ Kd7 32. Bc2 a5 33. b4 axb4 34. axb4 Nb7 35. Ba4+ Ke7 36. Bc6 Nbd8 37. Bd5 h6 38. Kf3 g5 39. Ke4 Nf7 40. Bxe6 Kxe6
41. Bg7
1-0

[Event "Advent 2008 Master Norm Tournament"]
[Site "SchemingMind.com"]
[Date "2008.12.07"]
[Round "-"]
[White "schakert"]
[Black "yuk"]
[Result "1/2-1/2"]
[WhiteCountry "NED"]
[BlackCountry "IRL"]
[WhiteElo "1839"]
[WhiteRD "63"]
[BlackElo "1845"]
[BlackRD "68"]
[GameID "182351"]

1. e4 d5 2. exd5 Nf6 3. d4 Nxd5 4. c4 Nb6 5. Nc3 Bf5 6. Nf3 e6 7. Bf4 c6 8. Be2 N8d7 9. O-O Be7 10. d5 cxd5
11. cxd5 O-O 12. d6 Bf6 13. Rc1 e5 14. Be3 Rc8 15. Nb5 a6 16. Nc7 Be4 17. Qb3 Na8 18. Nd5 b5 19. Rxc8 Qxc8 20. Rc1 Bxd5
21. Qxd5 Qb8 22. Nd2 Rc8 23. Rxc8+ Qxc8 24. a4 Nab6 25. Qb3 Qc6 26. axb5 axb5 27. Qxb5 Qxd6 28. Nc4 Nxc4 29. Bxc4 h6 30. g3 e4
31. Qb3 Qe7 32. Qb7 Qd6 33. Bd5 Bxb2 34. Bxe4 Ba3 35. Qa8+ Nf8 36. Bf4 Qe7 37. h4=
1/2-1/2

[Event "Advent 2008 Master Norm Tournament"]
[Site "SchemingMind.com"]
[Date "2008.12.07"]
[Round "-"]
[White "Frankygolucky"]
[Black "yuk"]
[Result "1-0"]
[WhiteCountry "GBR"]
[BlackCountry "IRL"]
[WhiteElo "1923"]
[WhiteRD "119"]
[BlackElo "1861"]
[BlackRD "67"]
[GameID "182352"]

1. d4 d5 2. Nf3 Nf6 3. e3 e6 4. Bd3 Bd6 5. Nbd2 c5 6. c3 c4 7. Bc2 b5 8. b3 O-O 9. bxc4 bxc4 10. e4 Bc7
11. O-O Ba5 12. e5 Bxc3 13. exf6 Bxa1 14. Bxh7+ Kxh7 15. Ng5+ Kg6 16. Qg4 Kxf6 17. Nh7+ Ke7 18. Ba3+ Ke8 19. Qxg7 Nd7 20. Nxf8 Bc3
21. Nxd7 Kxd7 22. Qxf7+ Kc6 23. Nf3 Bd7 24. Ne5+ Kc7 25. Qf4 Kc8 26. Rb1 Ba5 27. Nf7 Qg8 28. Nd6+ Kd8 29. Nb7+
1-0

[Event "Advent 2008 Master Norm Tournament"]
[Site "SchemingMind.com"]
[Date "2008.12.08"]
[Round "-"]
[White "Buckaroo Bob"]
[Black "Dr_Pat"]
[Result "0-1"]
[WhiteCountry "USA"]
[BlackCountry "USA"]
[WhiteElo "1894"]
[WhiteRD "87"]
[BlackElo "2043"]
[BlackRD "53"]
[GameID "182403"]

1. c4 e5 2. Nc3 Nf6 3. Nf3 Nc6 4. g3 d5 5. cxd5 Nxd5 6. Bg2 Nxc3 7. bxc3 e4 8. Ng1 Bf5 9. Qa4 Qd5 10. d3 Qc5
11. Rb1 exd3 12. Rxb7 Qxc3+ 13. Bd2 Qa1+ 14. Qd1 Qxd1+ 15. Kxd1 Kd7 16. exd3 Bd6 17. Bh3 Bxh3 18. Nxh3 Rab8 19. Rxb8 Rxb8 20. Ke2 Rb2
21. Rd1 f6 22. a4 Ra2 23. f4 Nd4+ 24. Kf1 Nf3 25. Bc3 Nxh2+ 26. Kg1 Ng4 27. a5 Rh2
0-1

[Event "Advent 2008 Master Norm Tournament"]
[Site "SchemingMind.com"]
[Date "2008.12.09"]
[Round "-"]
[White "Buckaroo Bob"]
[Black "ibukuno"]
[Result "1-0"]
[WhiteCountry "USA"]
[BlackCountry "NGR"]
[WhiteElo "1905"]
[WhiteRD "83"]
[BlackElo "1810"]
[BlackRD "71"]
[GameID "182404"]

1. c4 e5 2. Nc3 Nf6 3. Nf3 Nc6 4. g3 Bb4 5. Nd5 Bc5 6. d3 h6 7. Bg2 O-O 8. O-O a6 9. a3 d6 10. b4 Ba7
11. Nxf6+ Qxf6 12. Bb2 Qg6 13. Nh4 Qg5 14. Bc1 Qf6 15. Rb1 g5 16. Nf3 Ne7 17. Nd2 Nf5 18. Ne4 Qg6 19. Nc3 c6 20. a4 h5
21. Qd2 f6 22. b5 axb5 23. axb5 cxb5 24. Rxb5 Rb8 25. Ba3 Rd8 26. Rfb1 h4 27. e3 hxg3 28. hxg3 Rd7 29. Bd5+ Kh8 30. Qe2 Rh7
31. g4 Ne7 32. Be4 f5 33. gxf5 Nxf5 34. Qf3 g4 35. Qg2 Qh5 36. Bxf5 Bxf5 37. Bxd6 Re8 38. Rxb7 Rxb7 39. Rxb7 g3 40. Qxg3 Bxd3
41. Qg7#
1-0

[Event "Advent 2008 Master Norm Tournament"]
[Site "SchemingMind.com"]
[Date "2008.12.08"]
[Round "-"]
[White "Buckaroo Bob"]
[Black "Darko"]
[Result "1-0"]
[WhiteCountry "USA"]
[BlackCountry "ROU"]
[WhiteElo "1983"]
[WhiteRD "87"]
[BlackElo "1948"]
[BlackRD "78"]
[GameID "182405"]

1. c4 g6 2. d4 Nf6 3. Nc3 d5 4. Nf3 Bg7 5. Qb3 dxc4 6. Qxc4 O-O 7. e4 Na6 8. Be2 c5 9. d5 e6 10. O-O exd5
11. exd5 Re8 12. Be3 Bf5 13. Rad1 Rc8 14. a3 Nb8 15. Qb3 Qd6 16. g3 Nbd7 17. Rfe1 Bg4 18. Kg2 Nh5 19. Qxb7 Rb8 20. Qc6 Qe7
21. d6 Qd8 22. Bg5 Nhf6 23. Qc7 Rxb2 24. Bb5 Rb3 25. Rd3 Be6 26. Bxf6 Bxf6 27. Bxd7 Bxd7 28. Rxe8+ Bxe8 29. Qxd8 Bxd8 30. d7 Bxd7
31. Rxd7 Rxc3 32. Rxd8+ Kg7 33. Rd5 Rxa3 34. Rxc5 a5 35. Nd4 Kf6 36. h4 a4 37. Nc2 Ra2 38. Rc3 g5 39. hxg5+ Kxg5 40. Kf3 h5
41. Ke3 h4 42. Nb4 Rb2 43. Nd3 Ra2 44. Rc5+ f5 45. f4+ Kg4 46. gxh4 a3 47. Nf2+ Kxh4 48. Rxf5
1-0

[Event "Advent 2008 Master Norm Tournament"]
[Site "SchemingMind.com"]
[Date "2008.12.08"]
[Round "-"]
[White "Buckaroo Bob"]
[Black "smothered mate"]
[Result "1-0"]
[WhiteCountry "USA"]
[BlackCountry "POL"]
[WhiteElo "1967"]
[WhiteRD "82"]
[BlackElo "1878"]
[BlackRD "51"]
[GameID "182406"]

1. c4 e5 2. Nc3 Nf6 3. Nf3 e4 4. Ng5 b5 5. d3 Bb4 6. Bd2 e3 7. Bxe3 bxc4 8. dxc4 Bb7 9. Qb3 Nc6 10. h3 h6
11. Nf3 Ne4 12. Nd2 Bxc3 13. bxc3 Nxd2 14. Bxd2 Rb8 15. Qa3 d6 16. c5 Qe7 17. cxd6 cxd6 18. e3 O-O 19. Be2 Ne5 20. O-O Qg5
21. f3 a5 22. Qc1 Rfe8 23. e4 Qd8 24. Rb1 Qc7 25. Be3 Nc4 26. Bd4 d5 27. Rb5 dxe4 28. Rc5
1-0

[Event "Advent 2008 Master Norm Tournament"]
[Site "SchemingMind.com"]
[Date "2008.12.08"]
[Round "-"]
[White "Buckaroo Bob"]
[Black "schakert"]
[Result "0-1"]
[WhiteCountry "USA"]
[BlackCountry "NED"]
[WhiteElo "1894"]
[WhiteRD "87"]
[BlackElo "1839"]
[BlackRD "63"]
[GameID "182407"]

1. c4 c5 2. Nc3 Nc6 3. Nf3 Nf6 4. g3 d6 5. Bg2 g6 6. d4 cxd4 7. Nxd4 Nxd4 8. Qxd4 Bg7 9. O-O O-O 10. Qd3 Rb8
11. Be3 Bf5 12. Qd2 Qc7 13. Bxa7 Ra8 14. Nb5 Qxc4 15. a4 Ne4 16. Qc1 Qxe2 17. Re1 Qd3 18. Re3 Qd5 19. Nc7 Qe5 20. Nxa8 Rxa8
21. Bb6 d5 22. f3 Qf6 23. Rb3 Nd6 24. Qd2 Nc4 25. Qxd5 Nxb6 26. Qxb7 Qd4+ 27. Kh1 Rxa4 28. Re1 Qd2 29. Qxe7 Re4
0-1

[Event "Advent 2008 Master Norm Tournament"]
[Site "SchemingMind.com"]
[Date "2008.12.08"]
[Round "-"]
[White "Buckaroo Bob"]
[Black "yuk"]
[Result "1-0"]
[WhiteCountry "USA"]
[BlackCountry "IRL"]
[WhiteElo "1905"]
[WhiteRD "83"]
[BlackElo "1861"]
[BlackRD "67"]
[GameID "182408"]

1. c4 Nf6 2. Nc3 e6 3. Nf3 c5 4. g3 d5 5. cxd5 exd5 6. d4 Nc6 7. Bg2 h6 8. O-O Be6 9. b3 Rc8 10. Bb2 Bd6
11. dxc5 Bxc5 12. Rc1 Bb6 13. Na4 O-O 14. Nxb6 Qxb6 15. Bxf6 gxf6 16. Qd2 Kg7 17. e3 Rc7 18. Rfd1 Rfc8 19. h3 Rd8 20. Qb2 Rcd7
21. Nd4 Ne5 22. f4 Nc6 23. g4 Nxd4 24. Rxd4 Rc7 25. Rcd1 Rc5 26. f5 Bc8 27. Bxd5 Rcxd5 28. Rxd5 Qxe3+ 29. Kh2 Qf4+ 30. Kh1 Qf3+
31. Qg2 Qxd1+ 32. Rxd1 Rxd1+ 33. Kh2 b6 34. Qc2 Rd8 35. Qc7 Rd2+ 36. Kg1 Bd7 37. Qxa7 b5 38. a4 bxa4 39. bxa4 Bc6 40. a5 Rd1+
41. Kf2 Rd3 42. Qb6 Be4 43. Qb4 Bd5 44. Qb5 Rf3+ 45. Ke2 Ba8 46. Qb8 Be4 47. h4 Ra3 48. Qb4 Bf3+ 49. Kf2 Rd3 50. a6 Ba8
51. Ke2 Rg3 52. Qb8 Bh1 53. Qxg3
1-0

[Event "Advent 2008 Master Norm Tournament"]
[Site "SchemingMind.com"]
[Date "2008.12.08"]
[Round "-"]
[White "Buckaroo Bob"]
[Black "Frankygolucky"]
[Result "1-0"]
[WhiteCountry "USA"]
[BlackCountry "GBR"]
[WhiteElo "1967"]
[WhiteRD "82"]
[BlackElo "1881"]
[BlackRD "104"]
[GameID "182409"]

1. c4 c6 2. e4 d5 3. exd5 cxd5 4. d4 Nf6 5. Nc3 e6 6. Nf3 Bb4 7. cxd5 Nxd5 8. Qc2 Nc6 9. Bd3 Bd7 10. O-O Rc8
11. a3 Bxc3 12. bxc3 h6 13. c4 Nf6 14. Bf4 O-O 15. Bd6 Re8 16. Rab1 b6 17. c5 Nd5 18. Ba6 Qf6 19. Bxc8 Rxc8 20. Qd2 Na5
21. Rfc1 Nb7 22. Bg3 Qe7 23. Ne5 Na5 24. Nd3 Nc6 25. Qb2 Qg5 26. h3 h5 27. Ne5 Nxe5 28. Bxe5 f6 29. Bh2 e5 30. Qb3 Be6
31. dxe5 bxc5 32. exf6 Qxf6 33. Qb2 Qg6 34. Qe5 Kh7 35. Qg3 Qf6 36. Qd3+ Kh6 37. Rb8 Qg5 38. Rxc5 Bf5 39. Qa6+
1-0

[Event "Advent 2008 Master Norm Tournament"]
[Site "SchemingMind.com"]
[Date "2008.12.08"]
[Round "-"]
[White "Dr_Pat"]
[Black "Buckaroo Bob"]
[Result "1/2-1/2"]
[WhiteCountry "USA"]
[BlackCountry "USA"]
[WhiteElo "2043"]
[WhiteRD "53"]
[BlackElo "1894"]
[BlackRD "87"]
[GameID "182410"]

1. d4 d5 2. c4 c6 3. Nc3 Nf6 4. Nf3 e6 5. e3 Nbd7 6. Bd3 dxc4 7. Bxc4 b5 8. Bd3 a6 9. e4 c5 10. e5 cxd4
11. Nxb5 axb5 12. exf6 gxf6 13. Nxd4 Qb6 14. Be3 Bb4+ 15. Kf1 Bc5 16. Nxb5 Bxe3 17. fxe3 Ba6 18. a4 Ne5 19. Be2 Rd8 20. Qe1 Nd3
21. Qc3 Qxe3 22. Qxf6 Bxb5 23. axb5 Nf4 24. Bf3=
1/2-1/2

[Event "Advent 2008 Master Norm Tournament"]
[Site "SchemingMind.com"]
[Date "2008.12.09"]
[Round "-"]
[White "ibukuno"]
[Black "Buckaroo Bob"]
[Result "0-1"]
[WhiteCountry "NGR"]
[BlackCountry "USA"]
[WhiteElo "1809"]
[WhiteRD "82"]
[BlackElo "1979"]
[BlackRD "81"]
[GameID "182411"]

1. e4 c5 2. Nf3 d6 3. d4 cxd4 4. Nxd4 Nf6 5. Nc3 a6 6. Be2 e5 7. Nf3 h6 8. h3 Be6 9. Be3 Nbd7 10. O-O Be7
11. Nh2 Nc5 12. f3 Nh5 13. Nd5 Ng3 14. Re1 Bh4 15. c4 Rc8 16. b4 Ncxe4 17. fxe4 Nxe4 18. Rf1 O-O 19. Bd3 Ng3 20. Rf3 e4
21. Rxg3 Bxg3 22. Bxe4 Rxc4 23. Bf3 Bxd5 24. Bxd5 Rxb4 25. Qf3 Bxh2+ 26. Kxh2 Qe7 27. Qg3 Qf6 28. Rd1 Re8 29. Bb3 Qe5 30. Bf2 Qxg3+
31. Bxg3 Rd8 32. Bxd6 Rb6 33. Bc7 Rxd1 34. Bxb6 Rc1 35. Kg3= Rc6 36. Be3 Rf6 37. Bd4 Rf1 38. Bf2 g5 39. Kf3 Kg7 40. Ke2 Rc1
41. Kd2 Rc6 42. Kd3 Rd6+ 43. Kc3 h5 44. Bc2 Rc6+ 45. Kb3 Kf6 46. Be4 Rc7 47. a3 b5 48. Bd5 h4 49. Kb4 Ke5 50. Bf3 Rc4+
51. Kb3 f5 52. Be3 g4 53. hxg4 fxg4 54. Bb7 a5 55. Bb6 a4+ 56. Kb2 b4 57. Bd8 h3 58. gxh3 gxh3 59. Ba5 b3 60. Bc3+ Kf4
61. Bd5 Rc5 62. Bb7 Rc4 63. Bd5 Re4 64. Bd2+ Kf5
0-1

[Event "Advent 2008 Master Norm Tournament"]
[Site "SchemingMind.com"]
[Date "2008.12.08"]
[Round "-"]
[White "Darko"]
[Black "Buckaroo Bob"]
[Result "1-0"]
[WhiteCountry "ROU"]
[BlackCountry "USA"]
[WhiteElo "1980"]
[WhiteRD "82"]
[BlackElo "1905"]
[BlackRD "83"]
[GameID "182412"]

1. e4 c5 2. Nf3 e6 3. d4 cxd4 4. Nxd4 a6 5. Nc3 Qc7 6. Bd3 b5 7. O-O Bb7 8. Qe2 b4 9. Nd5 exd5 10. exd5+ Kd8
11. Re1 Ne7 12. Nf5 d6 13. Bf4 Qd7 14. Nxd6 Bxd5 15. Rad1 Nbc6 16. Bxa6 Rg8 17. Nb7+ Ke8 18. Qb5
1-0

[Event "Advent 2008 Master Norm Tournament"]
[Site "SchemingMind.com"]
[Date "2008.12.08"]
[Round "-"]
[White "smothered mate"]
[Black "Buckaroo Bob"]
[Result "0-1"]
[WhiteCountry "POL"]
[BlackCountry "USA"]
[WhiteElo "1878"]
[WhiteRD "51"]
[BlackElo "1967"]
[BlackRD "82"]
[GameID "182413"]

1. e4 c5 2. c3 Nf6 3. e5 Nd5 4. g3 Nc6 5. Bg2 Qc7 6. f4 e6 7. Qe2 a6 8. Nf3 d6 9. d3 b5 10. c4 Nb6
11. O-O Bb7 12. Nc3 b4 13. exd6 Bxd6 14. Ne4 Be7 15. Be3 Na5 16. Qf2 Bxe4 17. dxe4 Nbxc4 18. Rac1 O-O 19. b3 Nxe3 20. Qxe3 c4
21. Kh1 Bc5 22. Qe2 cxb3 23. e5 Ra7 24. Nd4 bxa2 25. Qxa2 Qb6 26. Nf3 Rd8 27. Rfd1 Rad7 28. Rxd7 Rxd7 29. Qc2 Be7 30. Ng5 g6
31. h4 b3 32. Qb1 Rc7 33. Rd1 Nc4 34. Be4 Bxg5 35. hxg5 Ne3 36. Rd8+ Kg7 37. Qb2 Rc2 38. f5 Qxd8
0-1

[Event "Advent 2008 Master Norm Tournament"]
[Site "SchemingMind.com"]
[Date "2008.12.08"]
[Round "-"]
[White "schakert"]
[Black "Buckaroo Bob"]
[Result "0-1"]
[WhiteCountry "NED"]
[BlackCountry "USA"]
[WhiteElo "1784"]
[WhiteRD "62"]
[BlackElo "1905"]
[BlackRD "83"]
[GameID "182414"]

1. e4 c5 2. d4 cxd4 3. Nf3 d6 4. Nxd4 Nf6 5. Nc3 a6 6. Bc4 e6 7. O-O b5 8. Bb3 Be7 9. Re1 O-O 10. Kh1 Qc7
11. f4 Nc6 12. Be3 Na5 13. f5 Nxb3 14. cxb3 b4 15. Na4 Nxe4 16. fxe6 fxe6 17. Rc1 Qb7 18. Qc2 Bh4 19. Rf1 Rxf1+ 20. Rxf1 Bf6
21. Nf3 Qb5 22. Rc1 Bb7 23. Qc4 Bd5 24. Qc7 Bd8 25. Qc2 Qb7 26. Rf1 Rc8 27. Qe2 Qb5 28. Re1 e5 29. Qxb5 axb5 30. Nb6 Bxb6
31. Bxb6 Ra8 32. Rd1 Nf6 33. Bc7 Rxa2 34. Bxd6 Ne4 35. Bc5 Bxb3 36. Rd8+ Kf7 37. Rf8+ Ke6 38. Re8+ Kf6 39. Rf8+ Bf7 40. Bb6 Rxb2
41. h4 Ke7 42. Rb8 Bd5 43. Nxe5 Ng3+ 44. Kh2 Rxg2+ 45. Kh3 Nh5
0-1

[Event "Advent 2008 Master Norm Tournament"]
[Site "SchemingMind.com"]
[Date "2008.12.08"]
[Round "-"]
[White "yuk"]
[Black "Buckaroo Bob"]
[Result "1-0"]
[WhiteCountry "IRL"]
[BlackCountry "USA"]
[WhiteElo "1861"]
[WhiteRD "67"]
[BlackElo "1905"]
[BlackRD "83"]
[GameID "182415"]

1. d4 d5 2. c4 c6 3. Nc3 Nf6 4. Bf4 dxc4 5. e4 b5 6. Nf3 e6 7. a3 Be7 8. Be2 Nbd7 9. O-O O-O 10. e5 Nd5
11. Nxd5 cxd5 12. Qc2 Bb7 13. h4 Bxh4 14. g3 Be7 15. Kg2 Re8 16. Rh1 Nf8 17. Rh3 f5 18. exf6 Bxf6 19. Rah1 g6 20. Rxh7 Re7
21. R7h2 Qb6 22. Bg5 Rf7 23. Bxf6 Rxf6 24. Qd2 Kf7 25. Ne5+ Ke7 26. Qb4+
1-0